Основы Windows Communication Foundation: пер. с англ.

Podrobná bibliografie
Hlavní autor: Смит Дж. Джастин
Shrnutí:Книга посвящена проектированию, разработке и поддержке сервисов с использованием платформы Windows Communication Foundation (WCF). Показана архитектура построения сервис-ориентированных приложений, рассмотрены примеры кодов для их разработки и реализации. Вы узнаете, как: реализовать надежный обмен сообщениями, используя идеи сервис-ориентированности; поддерживать эволюционирующие транспорты, протоколы и сообщения; улучшить функции передачи сообщений с помощью моделей, топологий и хореографий обмена сообщениями; осуществлять сериализацию, десериализацию, кодирование и декодирование сообщений; генерировать документы согласно стандартам с помощью сервисных контрактов, контрактов данных и контрактов сообщений; строить стеки фабрик каналов и объектов слушателей с помощью типов компоновки; разрабатывать конструкции канального уровня и управлять ими во время их жизненного цикла; создавать собственные каналы с помощью Windows Communication Foundation API. Книга предназначена для опьптных архитекторов, разработчиков и тестеров, знакомых с программированием в .NET Framework, которые хотят понять, как проектировать, писать или тестировать распределенные приложения в Windows Communication Foundation.
Jazyk:ruština
Vydáno: Москва, Русская Редакция, 2008
Témata:
Médium: Kniha
KOHA link:https://koha.lib.tpu.ru/cgi-bin/koha/opac-detail.pl?biblionumber=241959

MARC

LEADER 00000nam0a2200000 4500
001 241959
005 20231101231847.0
010 |a 9785750203499 
010 |a 978-5-9775-0278-8 
035 |a (RuTPU)RU\TPU\book\263253 
090 |a 241959 
100 |a 20130821d2008 km y0rusy50 ca 
101 1 |a rus  |c eng 
102 |a RU 
105 |a a z 001zy 
200 1 |a Основы Windows Communication Foundation  |e пер. с англ.  |f Дж. Смит 
210 |a Москва  |c Русская Редакция  |a Санкт-Петербург  |c БХВ-Петербург  |d 2008 
215 |a 374 с.  |c ил. 
320 |a Предметный указатель: с. 371-374. 
330 |a Книга посвящена проектированию, разработке и поддержке сервисов с использованием платформы Windows Communication Foundation (WCF). Показана архитектура построения сервис-ориентированных приложений, рассмотрены примеры кодов для их разработки и реализации. Вы узнаете, как: реализовать надежный обмен сообщениями, используя идеи сервис-ориентированности; поддерживать эволюционирующие транспорты, протоколы и сообщения; улучшить функции передачи сообщений с помощью моделей, топологий и хореографий обмена сообщениями; осуществлять сериализацию, десериализацию, кодирование и декодирование сообщений; генерировать документы согласно стандартам с помощью сервисных контрактов, контрактов данных и контрактов сообщений; строить стеки фабрик каналов и объектов слушателей с помощью типов компоновки; разрабатывать конструкции канального уровня и управлять ими во время их жизненного цикла; создавать собственные каналы с помощью Windows Communication Foundation API. Книга предназначена для опьптных архитекторов, разработчиков и тестеров, знакомых с программированием в .NET Framework, которые хотят понять, как проектировать, писать или тестировать распределенные приложения в Windows Communication Foundation. 
606 1 |a Платформа .NET  |2 stltpush  |3 (RuTPU)RU\TPU\subj\67723  |9 83415 
610 1 |a WCF 
610 1 |a Windows Communication Foundation 
610 1 |a сервисы 
610 1 |a проектирование 
610 1 |a разработка 
610 1 |a поддержка 
610 1 |a сервис-ориентированные приложения 
675 |a 004.4'2  |v 4 
700 1 |a Смит  |b Дж.  |g Джастин 
801 1 |a RU  |b 63413507  |c 20130821 
801 2 |a RU  |b 63413507  |c 20140424  |g RCR 
942 |c BK